[Event "WYCC 2018 O18"]
[Site "Halkidiki"]
[Date "2018.10.24"]
[Round "6"]
[White "Polyakov, Fedor"]
[Black "Pantzar, Milton"]
[Result "0-1"]
[WhiteElo "2036"]
[BlackElo "2326"]
[Annotator "NA"]
[PlyCount "124"]
[EventDate "2018.10.20"]
[EventType "swiss"]
[EventCountry "GRE"]
[SourceTitle "playchess.com"]
[Source "ChessBase"]
[SourceQuality "1"]
[TimeControl "40/5400+30:1800+30"]

1. d4 {[%emt 0:00:00]} d6 {[%emt 0:00:00]} 2. c4 {[%emt 0:00:00]} e5 {[%emt 0:00:00]} 3. d5 {[%emt 0:00:00]} f5 {[%emt 0:00:04]} 4. e4 {[%emt 0:00:23]} fxe4 {[%emt 0:00:50]} 5. Nc3 {[%emt 0:00:07]} Nf6 {[%emt 0:00:03] A41: 1 d4 d6: Tartakower System and Modern Defence} (5... Bf5 6. Nge2 Nf6 7. Ng3 Bg6 8. h4 h6 9. Be3 c6 10. h5 Bh7 11. Qb3 Qc7 12. Be2 Nbd7 13. O-O {½-½ (30) Omar,N (2353)-Moussard,J (2559) Biel 2018}) 6. Bg5 {[%emt 0:00:45]} Be7 {[%emt 0:03:47]} 7. Bxf6 {[%emt 0:05:13]} gxf6 $146 {[%emt 0:01:25]} ({Predecessor:} 7... Bxf6 8. Nxe4 O-O 9. Bd3 c6 10. Ne2 cxd5 11. cxd5 Na6 12. N2c3 Bf5 13. O-O {½-½ (29) Roubalik,J (2391)-Zvolanek,L (2176) Vsetin 2017}) 8. Qh5+ {[%emt 0:01:43]} Kf8 {[%emt 0:00:19]} 9. Nxe4 {[%emt 0:04:38]} f5 {[%emt 0:01:27]} 10. Nc3 {[%emt 0:07:00]} Kg7 {[%emt 0:15:57]} 11. f3 {[%emt 0:12:42]} Qe8 {[%emt 0:03:05]} 12. Qh3 {[%emt 0:03:51]} f4 {[%emt 0:12:22]} 13. g4 {[%emt 0:00:25]} h5 {[%emt 0:00:43]} 14. O-O-O {[%emt 0:00:52]} hxg4 {[%emt 0:07:28]} 15. Qg2 {[%emt 0:01:25]} Qg6 {[%emt 0:03:13]} 16. Bd3 {[%emt 0:03:00]} Qh6 {[%emt 0:00:44]} 17. Nge2 {[%emt 0:09:45]} Qh3 {[%emt 0:10:43]} 18. Qxh3 {[%emt 0:03:06]} Rxh3 {[%emt 0:02:01]} 19. fxg4 {[%emt 0:00:02]} Na6 {[%emt 0:01:20]} 20. Ne4 {[%emt 0:01:02]} Bd7 {[%emt 0:01:57]} 21. Ng1 {[%emt 0:05:07]} Re3 {[%emt 0:03:46]} 22. h3 {[%emt 0:00:30]} Rh8 {[%emt 0:01:04]} 23. Rh2 {[%emt 0:02:36]} Nb4 {[%emt 0:06:57]} 24. Bb1 {[%emt 0:01:20]} Nxa2+ {[%emt 0:00:15]} 25. Kd2 {[%emt 0:00:20]} Nb4 {[%emt 0:03:52]} 26. Rf1 {[%emt 0:04:30]} Rb3 {[%emt 0:05:52]} 27. Kc1 {[%emt 0:01:55]} Nd3+ {[%emt 0:01:04]} 28. Bxd3 {[%emt 0:00:01]} Rxd3 {[%emt 0:00:06]} 29. Rf3 {[%emt 0:00:04]} Rd4 {[%emt 0:06:43]} 30. Nd2 {[%emt 0:00:01]} e4 {[%emt 0:00:43]} 31. Rc3 {[%emt 0:02:37]} f3 {[%emt 0:03:57]} 32. Nb3 {[%emt 0:01:46]} Bf6 {[%emt 0:01:19]} 33. Nxf3 {[%emt 0:01:26]} exf3 {[%emt 0:00:26]} 34. Nxd4 {[%emt 0:00:02]} Bxd4 {[%emt 0:00:55]} 35. Rxf3 {[%emt 0:00:03]} Be5 {[%emt 0:00:39]} 36. Rhf2 {[%emt 0:04:02]} Be8 {[%emt 0:00:25]} 37. Kc2 {[%emt 0:05:21]} Bg6+ {[%emt 0:00:16]} 38. Kb3 {[%emt 0:00:05]} a6 {[%emt 0:01:34]} 39. Rf1 {[%emt 0:01:14]} Bd4 {[%emt 0:00:47]} 40. Re1 {[%emt 0:00:00]} Be5 {[%emt 0:00:00]} 41. Ref1 {[%emt 0:01:23]} Be4 {[%emt 0:10:19]} 42. Rf7+ {[%emt 0:06:48]} Kg6 {[%emt 0:00:23]} 43. Rxc7 {[%emt 0:00:09]} Rxh3+ {[%emt 0:00:05]} 44. Ka4 {[%emt 0:07:59]} b5+ {[%emt 0:00:52]} 45. cxb5 {[%emt 0:00:52]} axb5+ {[%emt 0:00:15]} 46. Kb4 {[%emt 0:02:00]} Bxd5 {[%emt 0:01:44]} 47. Kxb5 {[%emt 0:00:02]} Rb3+ {[%emt 0:00:54]} 48. Ka5 {[%emt 0:00:37]} Rxb2 {[%emt 0:02:18]} 49. Rd1 {[%emt 0:05:11]} Bf3 {[%emt 0:00:58]} 50. Rf1 {[%emt 0:00:07]} Bxg4 {[%emt 0:03:14]} 51. Rg1 {[%emt 0:00:06]} Kf5 {[%emt 0:00:58]} 52. Rc8 {[%emt 0:01:50]} Be2 {[%emt 0:02:01]} 53. Rg2 {[%emt 0:00:25]} Ke4 {[%emt 0:00:54]} 54. Rg6 {[%emt 0:01:19]} Kd5 {[%emt 0:01:29]} 55. Rg5 {[%emt 0:00:23]} Bd3 {[%emt 0:00:34]} 56. Rc1 {[%emt 0:00:25]} Be4 {[%emt 0:01:33]} 57. Re1 $19 {[%emt 0:00:12]} Bd3 {[%emt 0:01:26]} 58. Rh5 {[%emt 0:00:55]} Rb1 {[%emt 0:01:29]} 59. Re3 {[%emt 0:00:18]} Bc4 {[%emt 0:00:20]} 60. Rg5 {[%emt 0:01:15]} Kc5 {[%emt 0:00:21]} 61. Rexe5+ {[%emt 0:00:01]} dxe5 {[%emt 0:00:08]} 62. Rxe5+ {[%emt 0:00:01]} Bd5 {[%emt 0:00:07]} 0-1

[Event "WYCC 2018 O18"]
[Site "Halkidiki"]
[Date "2018.10.24"]
[Round "6"]
[White "Manu David Suthandram R"]
[Black "Ozates, Tuna"]
[Result "1/2-1/2"]
[WhiteElo "1970"]
[BlackElo "2225"]
[Annotator "NA"]
[PlyCount "106"]
[EventDate "2018.10.20"]
[EventType "swiss"]
[EventCountry "GRE"]
[SourceTitle "playchess.com"]
[Source "ChessBase"]
[SourceQuality "1"]
[TimeControl "40/5400+30:1800+30"]

1. e4 {[%emt 0:00:00]} c5 {[%emt 0:00:00]} 2. Nf3 {[%emt 0:00:00]} Nc6 {[%emt 0:00:00]} 3. Bb5 {[%emt 0:00:19]} g6 {[%emt 0:00:00]} 4. O-O {[%emt 0:00:52]} Bg7 {[%emt 0:00:00]} 5. c3 {[%emt 0:00:05]} Nf6 {[%emt 0:00:00]} 6. Re1 {[%emt 0:00:45]} O-O {[%emt 0:00:00]} 7. d4 {[%emt 0:00:03]} d5 {[%emt 0:00:00]} 8. exd5 {[%emt 0:02:22]} Qxd5 {[%emt 0:00:14]} 9. c4 {[%emt 0:03:52] B31: Sicilian: 2...Nc6 3 Bb5 g6} Qd8 {[%emt 0:01:42]} (9... Qd6 10. d5 Nd4 11. Nxd4 cxd4 12. h3 a6 13. Ba4 e5 14. Bc2 b5 15. b3 e4 16. Bxe4 Nxe4 17. Rxe4 Bf5 18. Rxd4 {½-½ (34) Deepan Chakkravarthy,J (2519)-Potapov,P (2500) Pardubice 2018}) 10. d5 {[%emt 0:05:43]} Nd4 {[%emt 0:12:07]} 11. Nxd4 {[%emt 0:07:01]} cxd4 {[%emt 0:00:40]} 12. Na3 $146 {[%emt 0:08:29]} ({Predecessor:} 12. Qxd4 $11 Ng4 (12... a6 13. Ba4 b5 14. cxb5 Nxd5 15. Qd1 axb5 16. Bxb5 Bb7 {½-½ (67) Saidov,B (2297)-Mustafaev,J (2232) Tashkent 2007}) 13. Qc5) 12... a6 {[%emt 0:05:21]} 13. Ba4 {[%emt 0:00:05]} b5 {[%emt 0:00:58]} 14. cxb5 {[%emt 0:00:07]} Nxd5 {[%emt 0:00:33]} 15. Bg5 {[%emt 0:03:13]} Be6 {[%emt 0:16:59]} 16. bxa6 {[%emt 0:06:27]} Rxa6 {[%emt 0:00:30]} 17. Bb3 {[%emt 0:00:15]} Re8 {[%emt 0:09:04]} 18. Rc1 {[%emt 0:14:47]} h6 {[%emt 0:02:40]} 19. Bh4 {[%emt 0:01:56]} Nf4 {[%emt 0:02:14]} 20. Bg3 {[%emt 0:01:44]} Bxb3 {[%emt 0:01:17]} 21. Qxb3 {[%emt 0:01:17]} Ne6 {[%emt 0:00:20]} 22. Nc4 {[%emt 0:08:20]} Qa8 {[%emt 0:20:10]} 23. Nb6 {[%emt 0:05:54]} Rxb6 {[%emt 0:12:23]} 24. Qxb6 {[%emt 0:00:29]} Qxa2 {[%emt 0:00:47]} 25. Be5 {[%emt 0:12:30]} d3 {[%emt 0:04:43]} 26. Rcd1 {[%emt 0:04:21]} Qd5 {[%emt 0:00:12]} 27. Qe3 {[%emt 0:01:37]} Rd8 {[%emt 0:07:00]} 28. Bxg7 {[%emt 0:00:27]} Kxg7 {[%emt 0:00:01]} 29. Qe5+ {[%emt 0:01:15]} Qxe5 {[%emt 0:00:02]} 30. Rxe5 {[%emt 0:00:06]} Kf6 {[%emt 0:00:39]} 31. Re3 {[%emt 0:02:09]} Rb8 {[%emt 0:00:09]} 32. Rf3+ {[%emt 0:00:58]} Kg7 $16 {[%emt 0:01:15]} 33. Rfxd3 {[%emt 0:00:06]} Rxb2 {[%emt 0:00:07]} 34. Rd7 {[%emt 0:00:04]} Kf6 {[%emt 0:00:47]} 35. Re1 {[%emt 0:00:05]} Rb3 {[%emt 0:02:41]} 36. g3 {[%emt 0:00:34]} h5 {[%emt 0:00:05]} 37. h4 {[%emt 0:01:55]} Ra3 {[%emt 0:00:35]} 38. Kg2 {[%emt 0:00:37]} Rb3 {[%emt 0:00:11]} 39. Ra1 {[%emt 0:00:11]} Rb8 {[%emt 0:00:58]} 40. Ra6 {[%emt 0:00:00]} Rc8 {[%emt 0:00:00]} 41. Kh3 {[%emt 0:02:01]} Rc2 {[%emt 0:10:40]} 42. Kg2 {[%emt 0:02:12]} Re2 {[%emt 0:00:36]} 43. Rd3 {[%emt 0:00:06]} Kg7 {[%emt 0:01:07]} 44. Ra7 {[%emt 0:01:05]} Nc5 {[%emt 0:01:18]} 45. Rd5 {[%emt 0:01:50]} Ne4 {[%emt 0:04:45]} 46. Rxe7 {[%emt 0:13:46]} Rxf2+ {[%emt 0:04:21]} 47. Kg1 {[%emt 0:00:37]} Rd2 {[%emt 0:00:55]} 48. Rxd2 {[%emt 0:00:34]} Nxd2 {[%emt 0:00:01]} 49. Kf2 {[%emt 0:00:59]} Nc4 {[%emt 0:00:10]} 50. Rd7 {[%emt 0:01:00]} Ne5 {[%emt 0:00:27]} 51. Rd6 {[%emt 0:00:12]} Ng4+ {[%emt 0:00:15]} 52. Kf3 {[%emt 0:00:06]} Nh6 {[%emt 0:01:02]} 53. Kf4 {[%emt 0:00:12]} Ng4 {[%emt 0:00:11]} 1/2-1/2

[Event "WYCC 2018 O18"]
[Site "Halkidiki"]
[Date "2018.10.24"]
[Round "6"]
[White "Kadianis, Georgios"]
[Black "Alexiadis, Hristos"]
[Result "0-1"]
[WhiteElo "1928"]
[BlackElo "2263"]
[Annotator "NA"]
[PlyCount "58"]
[EventDate "2018.10.20"]
[EventType "swiss"]
[EventCountry "GRE"]
[SourceTitle "playchess.com"]
[Source "ChessBase"]
[SourceQuality "1"]
[TimeControl "40/5400+30:1800+30"]

1. e4 {[%emt 0:00:00]} c5 {[%emt 0:00:00]} 2. Nc3 {[%emt 0:01:49]} a6 {[%emt 0:02:07]} 3. g3 {[%emt 0:00:33]} b5 {[%emt 0:00:07]} 4. Bg2 {[%emt 0:00:38]} Bb7 {[%emt 0:00:09]} 5. d3 {[%emt 0:02:35]} e6 {[%emt 0:00:13]} 6. f4 {[%emt 0:01:17]} d5 {[%emt 0:04:17]} 7. Qe2 {[%emt 0:01:51]} Be7 {[%emt 0:06:50]} 8. Nf3 {[%emt 0:02:22]} Nc6 {[%emt 0:01:54]} 9. O-O {[%emt 0:01:28]} Nd4 {[%emt 0:08:28]} 10. Nxd4 {[%emt 0:02:12]} cxd4 {[%emt 0:00:25]} 11. Nd1 {[%emt 0:00:19]} Nf6 {[%emt 0:01:22]} 12. b3 {[%emt 0:14:14]} O-O {[%emt 0:06:43]} 13. Bb2 {[%emt 0:02:25]} Bc5 {[%emt 0:04:36]} 14. Nf2 {[%emt 0:08:35]} Rc8 {[%emt 0:00:08]} 15. e5 {[%emt 0:04:13]} Nd7 {[%emt 0:00:56]} 16. g4 {[%emt 0:07:09]} h6 {[%emt 0:18:50]} 17. Nh3 {[%emt 0:08:27]} f6 {[%emt 0:01:02] [#]} 18. g5 $14 {[%emt 0:11:37]} hxg5 {[%emt 0:09:03]} 19. exf6 {[%emt 0:03:20]} Qxf6 {[%emt 0:00:05]} 20. fxg5 {[%emt 0:00:36]} Qe5 {[%emt 0:00:06]} 21. Qg4 {[%emt 0:10:01]} Bd6 {[%emt 0:00:23]} 22. Nf4 {[%emt 0:01:55]} Qe3+ {[%emt 0:01:37]} 23. Kh1 {[%emt 0:00:28]} Rxf4 {[%emt 0:01:03]} 24. Rxf4 {[%emt 0:03:11]} Bxf4 {[%emt 0:02:48]} 25. Rg1 {[%emt 0:02:46]} Qe5 {[%emt 0:06:05]} 26. Bxd4 {[%emt 0:02:15]} Qf5 {[%emt 0:00:04]} 27. Qxf5 {[%emt 0:02:48]} exf5 {[%emt 0:00:05]} 28. c4 {[%emt 0:00:22]} Bxg5 {[%emt 0:00:18]} 29. cxd5 {[%emt 0:00:59]} Bf6 {[%emt 0:00:05]} 0-1

[Event "WYCC 2018 O18"]
[Site "Halkidiki"]
[Date "2018.10.24"]
[Round "6"]
[White "Zhu, Brandon"]
[Black "Tsomaia, Nikoloz"]
[Result "0-1"]
[WhiteElo "1914"]
[BlackElo "2201"]
[Annotator "NA"]
[PlyCount "134"]
[EventDate "2018.10.20"]
[EventType "swiss"]
[EventCountry "GRE"]
[SourceTitle "playchess.com"]
[Source "ChessBase"]
[SourceQuality "1"]
[TimeControl "40/5400+30:1800+30"]

1. d4 {[%emt 0:00:00]} Nf6 {[%emt 0:00:00]} 2. c4 {[%emt 0:00:00]} g6 {[%emt 0:00:00]} 3. Nc3 {[%emt 0:00:00]} c5 {[%emt 0:00:00]} 4. d5 {[%emt 0:00:08]} Bg7 {[%emt 0:00:00]} 5. e4 {[%emt 0:00:10] LiveBook: 1747 Games} O-O {[%emt 0:00:00]} 6. Nge2 {[%emt 0:00:33]} d6 {[%emt 0:00:08]} 7. Ng3 {[%emt 0:00:07]} e6 {[%emt 0:00:28]} 8. Be2 {[%emt 0:00:43]} Na6 {[%emt 0:03:47] E70: King's Indian: Miscellaneous lines with 4 e4, including 5 Nge2 and 5 Bd3 0-0 6 Nge2} (8... exd5 9. cxd5 a6 10. a4 h5 11. Bg5 Qc7 12. Qd2 Nbd7 13. O-O Rb8 14. f4 Nh7 15. Bh4 c4 16. Kh1 b5 17. axb5 axb5 18. b4 {1-0 (36) Le,Q (2736)-Sivuk,V (2526) Hanoi 2018}) 9. O-O {[%emt 0:00:33]} Nc7 {[%emt 0:05:26]} 10. h3 {[%emt 0:02:56]} exd5 {[%emt 0:06:22]} 11. cxd5 {[%emt 0:00:11]} Re8 {[%emt 0:00:13]} 12. a4 {[%emt 0:01:56]} a6 {[%emt 0:00:03]} 13. Bg5 {[%emt 0:02:21]} h6 {[%emt 0:00:25]} 14. Be3 {[%emt 0:00:15]} Rb8 {[%emt 0:00:06]} 15. a5 $146 {[%emt 0:03:01]} ({Predecessor:} 15. Qd2 b5 16. axb5 axb5 17. Bxh6 {0-1 (33) Fiala,J (1983)-Golcman,E (2304) Olomouc 2009}) 15... b5 {[%emt 0:14:56]} 16. axb6 {[%emt 0:00:16]} Rxb6 {[%emt 0:00:04]} 17. Qd2 {[%emt 0:01:24]} Kh7 {[%emt 0:03:57]} 18. Kh1 {[%emt 0:10:54]} Nb5 {[%emt 0:03:34]} 19. Nxb5 {[%emt 0:04:03]} axb5 {[%emt 0:00:07]} 20. f3 {[%emt 0:02:12]} b4 {[%emt 0:04:44]} 21. Ra8 {[%emt 0:02:47]} Nd7 {[%emt 0:00:47]} 22. Rfa1 {[%emt 0:01:55]} Qf6 {[%emt 0:01:51]} 23. Rb1 {[%emt 0:09:22]} Rb8 {[%emt 0:02:19]} 24. Rxb8 {[%emt 0:08:43]} Nxb8 {[%emt 0:00:01]} 25. Nf1 {[%emt 0:01:43]} Nd7 {[%emt 0:01:13]} 26. Bb5 {[%emt 0:03:34]} Re7 {[%emt 0:00:31]} 27. Bf4 {[%emt 0:02:55]} Ne5 {[%emt 0:01:30]} 28. Bg3 {[%emt 0:02:11]} g5 {[%emt 0:00:51]} 29. Be2 $11 {[%emt 0:02:36]} Ra7 {[%emt 0:00:17]} 30. Ne3 {[%emt 0:00:48]} Ra2 {[%emt 0:09:13]} 31. Qc2 {[%emt 0:08:12]} Kg8 {[%emt 0:00:49]} 32. Qb3 {[%emt 0:03:04]} Ra7 {[%emt 0:00:26]} 33. Rf1 {[%emt 0:05:26]} Ng6 {[%emt 0:01:29]} 34. Nc4 {[%emt 0:01:26]} Ba6 {[%emt 0:01:43]} 35. Rf2 {[%emt 0:00:45]} Bxc4 {[%emt 0:00:27]} 36. Bxc4 {[%emt 0:00:18]} Nf4 {[%emt 0:01:09]} 37. Qe3 {[%emt 0:03:01]} Ra1+ {[%emt 0:00:32]} 38. Kh2 {[%emt 0:00:34]} Nh5 {[%emt 0:00:20]} 39. e5 {[%emt 0:02:39]} dxe5 {[%emt 0:03:44]} 40. Re2 {[%emt 0:00:00]} Nf4 {[%emt 0:00:00]} 41. Re1 {[%emt 0:06:22]} Rxe1 {[%emt 0:07:27]} 42. Qxe1 {[%emt 0:02:58]} Bf8 {[%emt 0:01:05]} 43. Qe4 {[%emt 0:01:08]} Ng6 {[%emt 0:02:15]} 44. d6 {[%emt 0:06:55]} Bxd6 {[%emt 0:00:46]} 45. b3 {[%emt 0:00:40]} Kg7 {[%emt 0:01:07]} 46. Kg1 {[%emt 0:01:57]} Nf8 {[%emt 0:03:33]} 47. Bd3 {[%emt 0:02:23]} Ne6 {[%emt 0:00:37]} 48. Bf2 {[%emt 0:03:05]} Nf4 {[%emt 0:02:29]} 49. Bc4 {[%emt 0:00:52]} Qg6 {[%emt 0:01:43]} 50. Qb7 {[%emt 0:01:27]} h5 {[%emt 0:03:51]} 51. Qd7 {[%emt 0:00:48]} Bf8 {[%emt 0:00:12]} 52. Be3 {[%emt 0:01:11]} Qf6 {[%emt 0:01:33]} 53. Bc1 {[%emt 0:02:21]} Ng6 {[%emt 0:03:05]} 54. Bb2 {[%emt 0:01:31]} Be7 {[%emt 0:00:45]} 55. Qd5 {[%emt 0:00:59]} Bd6 {[%emt 0:00:17]} 56. Qc6 {[%emt 0:03:11]} Ne7 {[%emt 0:01:38]} 57. Qd7 {[%emt 0:02:03]} Nf5 {[%emt 0:06:02]} 58. Bd5 {[%emt 0:06:21]} c4 {[%emt 0:03:53]} 59. Bxc4 {[%emt 0:04:48]} Bc5+ {[%emt 0:00:05]} 60. Kh1 {[%emt 0:01:13]} Ng3+ {[%emt 0:06:09]} 61. Kh2 {[%emt 0:00:06]} Qf4 {[%emt 0:00:46]} 62. Bxe5+ {[%emt 0:01:24]} Qxe5 {[%emt 0:00:07]} 63. Qxf7+ {[%emt 0:00:21]} Kh6 {[%emt 0:00:05]} 64. f4 {[%emt 0:00:58]} gxf4 {[%emt 0:00:01]} 65. Bd3 {[%emt 0:00:23]} Bg1+ {[%emt 0:00:11]} 66. Kxg1 {[%emt 0:00:16]} Qe1+ {[%emt 0:00:05]} 67. Kh2 {[%emt 0:00:04]} Qh1# {[%emt 0:00:05]} 0-1

[Event "WYCC 2018 O18"]
[Site "Halkidiki"]
[Date "2018.10.24"]
[Round "6"]
[White "Vourlis-Koletis, Miltiadis"]
[Black "Galiana Fernandez, Adrian"]
[Result "1/2-1/2"]
[WhiteElo "1839"]
[BlackElo "2261"]
[Annotator "NA"]
[PlyCount "67"]
[EventDate "2018.10.20"]
[EventType "swiss"]
[EventCountry "GRE"]
[SourceTitle "playchess.com"]
[Source "ChessBase"]
[SourceQuality "1"]
[TimeControl "40/5400+30:1800+30"]

1. d4 {[%emt 0:00:00]} Nf6 {[%emt 0:00:00]} 2. c4 {[%emt 0:00:00]} g6 {[%emt 0:00:00]} 3. Nc3 {[%emt 0:00:00]} d5 {[%emt 0:00:00]} 4. cxd5 {[%emt 0:00:24]} Nxd5 {[%emt 0:00:00]} 5. Bd2 {[%emt 0:00:09]} Nb6 {[%emt 0:00:00]} 6. Nf3 {[%emt 0:02:37]} Bg7 {[%emt 0:00:40]} 7. Bf4 {[%emt 0:03:38] D90: Grünfeld: 4 Nf3 Bg7 sidelines} O-O {[%emt 0:24:04]} 8. Rc1 {[%emt 0:08:18]} N8d7 $146 {[%emt 0:01:58]} ({Predecessor:} 8... c5 9. dxc5 Bxc3+ 10. Rxc3 Qxd1+ 11. Kxd1 Nd5 12. Rc4 Nxf4 13. Rxf4 Be6 14. e3 Rd8+ 15. Kc2 Rc8 {½-½ (59) L'Ami,E (2613)-Sevian,S (2511) Wijk aan Zee 2015}) 9. Nb5 {[%emt 0:02:57]} e5 {[%emt 0:05:21]} 10. Nxe5 {[%emt 0:03:51]} Nd5 {[%emt 0:12:14]} 11. Nxc7 {[%emt 0:11:14]} Nxf4 {[%emt 0:19:52]} 12. Nxa8 {[%emt 0:00:43]} Nxe5 {[%emt 0:00:11]} 13. dxe5 {[%emt 0:00:08]} Nd5 {[%emt 0:00:05] [#]} 14. Nc7 $1 {[%emt 0:04:18]} Nxc7 {[%emt 0:01:31]} 15. Qxd8 {[%emt 0:00:10]} Rxd8 {[%emt 0:00:03]} 16. Rxc7 {[%emt 0:00:10]} Bxe5 {[%emt 0:00:07]} 17. Rc2 {[%emt 0:01:39]} Be6 {[%emt 0:00:53]} 18. e3 {[%emt 0:02:07]} Bxa2 {[%emt 0:00:23]} 19. f4 {[%emt 0:03:20]} Bb3 {[%emt 0:00:49]} 20. Rd2 {[%emt 0:00:15]} Rxd2 {[%emt 0:00:17]} 21. Kxd2 {[%emt 0:00:05]} Bxb2 {[%emt 0:00:05]} 22. Be2 {[%emt 0:00:22]} Ba2 {[%emt 0:02:07]} 23. Kc2 {[%emt 0:01:36]} Bf6 {[%emt 0:01:12]} 24. Rd1 {[%emt 0:02:15]} Be6 {[%emt 0:01:27]} 25. Bf3 {[%emt 0:01:41]} b6 {[%emt 0:04:02]} 26. Bd5 {[%emt 0:00:28]} Bg4 {[%emt 0:00:10]} 27. Rc1 {[%emt 0:01:31]} Be7 {[%emt 0:00:49]} 28. h3 $14 {[%emt 0:01:27]} Bd7 {[%emt 0:00:37]} 29. Rd1 {[%emt 0:01:00]} Ba4+ {[%emt 0:00:42]} 30. Bb3 {[%emt 0:00:08]} Bc6 {[%emt 0:00:09]} 31. Bd5 {[%emt 0:05:26]} Ba4+ {[%emt 0:00:05]} 32. Bb3 {[%emt 0:00:13]} Bc6 {[%emt 0:00:04]} 33. Bd5 {[%emt 0:00:12]} Ba4+ {[%emt 0:00:04]} 34. Bb3 {[%emt 0:00:10]} 1/2-1/2

[Event "WYCC 2018 O18"]
[Site "Halkidiki"]
[Date "2018.10.26"]
[Round "7"]
[White "Hakobyan, Aram"]
[Black "Dobrovoljc, Vid"]
[Result "1/2-1/2"]
[WhiteElo "2565"]
[BlackElo "2309"]
[Annotator "TA"]
[PlyCount "106"]
[EventDate "2018.10.20"]
[EventType "swiss"]
[EventCountry "GRE"]
[SourceTitle "playchess.com"]
[Source "ChessBase"]
[SourceQuality "1"]

{[%evp 19,106,31,38,0,12,0,0,-16,-18,-17,-13,-15,-13,-28,-29,-29,-29,-35,-33,-32,-30,-27,-13,-27,-23,-23,-18,-48,-52,-44,-51,-48,-33,-31,-37,-41,-35,-49,-54,-47,-55,-75,-55,-73,-50,-52,-61,-91,-25,-42,-7,-8,0,0,0,-5,-6,-14,0,0,-1,-52,-42,-44,0,0,0,0,0,0,0,0,0,0,0,0,0,0,0,0,0,0,0,-7,-7,-7,0,0,0]} 1. c4 Nf6 2. Nc3 g6 3. d4 Bg7 4. e4 d6 5. Nf3 O-O 6. Be2 e5 7. O-O Nc6 8. Be3 Re8 9. dxe5 dxe5 10. h3 Be6 {LiveBook: 29 Games} 11. Qxd8 {E97: King's Indian: Classical Main Line (6...e5 7 0-0 Nc6): 8 Be3 and 8 d5 Ne7, not 9 Ne1} (11. Re1 h6 12. Qc1 Kh7 13. Rd1 Qc8 14. Qc2 Nb4 15. Qb3 Nc6 16. Qc2 Nb4 17. Qa4 Nc6 18. a3 Rd8 {½-½ (56) Feller,S (2666)-Grischuk,A (2746) Khanty-Mansiysk 2011}) 11... Rexd8 12. Rfd1 Ne8 13. b3 $146 ({Predecessor:} 13. Nd5 f6 14. c5 Kf7 15. a3 Nb8 16. b4 c6 17. Nc3 Rxd1+ 18. Rxd1 Bf8 {½-½ (30) Polovodin,I (2440)-Novik,M (2480) St Petersburg 1994}) 13... Nd4 14. Rd2 Nxe2+ 15. Rxe2 f6 16. Kf1 Bf8 17. Rc2 c6 18. Ke2 Nc7 19. Rd2 Rxd2+ 20. Kxd2 Na6 21. a3 Nc5 22. Kc2 a5 23. Rd1 {[#]} b5 $1 {[%mdl 512]} 24. Bxc5 (24. cxb5 Bxb3+) 24... Bxc5 25. cxb5 cxb5 26. Nxb5 a4 27. bxa4 Rxa4 28. Nd2 Bxf2 29. Rf1 Bh4 30. Ra1 f5 31. Nc3 Ra8 32. a4 Bd8 33. Nb3 fxe4 (33... Bb6 $17 34. a5 Bxb3+ 35. Kxb3 Rxa5) 34. Nc5 $1 $11 {[%cal Rc5e6]} Bf5 {[#] And now ...Rc8 would win.} 35. g4 Bc8 36. N3xe4 h5 37. Rd1 Be7 38. gxh5 Bf5 39. Kb3 gxh5 40. Rg1+ (40. Rd5 $11) 40... Kh8 41. Rg3 Rb8+ 42. Kc4 {The position is equal.} Bxe4 43. Nxe4 {[%mdl 4096] Endgame KRB-KRN} Rb4+ 44. Kd5 Rxa4 45. Kxe5 Kh7 46. Rb3 Kg6 47. Rb7 Ra5+ 48. Ke6 Bf6 49. Nxf6 {Hoping for Nd5.} Ra6+ 50. Ke5 {Strongly threatening Nd5.} Rxf6 51. Rb3 Rf5+ 52. Ke4 Rf8 53. Rg3+ Kh6 {Precision: White = 59%, Black = 66%.} 1/2-1/2

[Event "WYCC 2018 O18"]
[Site "Halkidiki"]
[Date "2018.10.26"]
[Round "7"]
[White "Nguyen, Thai Dai Van"]
[Black "Lazov, Toni"]
[Result "1/2-1/2"]
[WhiteElo "2556"]
[BlackElo "2292"]
[Annotator "TA"]
[PlyCount "50"]
[EventDate "2018.10.20"]
[EventType "swiss"]
[EventCountry "GRE"]
[SourceTitle "playchess.com"]
[Source "ChessBase"]
[SourceQuality "1"]

{[%evp 21,50,28,22,0,-11,0,2,-25,-27,-31,-35,-23,-19,-20,-16,-106,-100,-99,-18,-19,-12,-96,-16,-32,0,-8,-9,-9,-5,-13,0]} 1. e4 c5 2. Nf3 d6 3. d4 Nf6 4. Nc3 cxd4 5. Nxd4 a6 6. Be3 e5 7. Nb3 Be6 8. f3 {[%cal Bf2f3,Bf3f4,Bf4f5][%mdl 32]} Nbd7 9. g4 {[%cal Bg2g4,Bg4g5][%mdl 32]} b5 10. g5 {B90: Sicilian Najdorf: Unusual White 6th moves, 6 Be3 Ng4 and 6 Be3 e5} b4 11. Ne2 Ng8 {LiveBook: 8 Games} 12. f4 h6 13. f5 {[#]} Bxb3 $146 ({Predecessor:} 13... Bc4 14. g6 fxg6 15. Ng3 Bxf1 16. Rxf1 Ngf6 17. fxg6 Qc7 {1-0 (34) Aronian,L (2767)-So,W (2780) Saint Louis 2018}) 14. cxb3 hxg5 15. Ng3 Be7 16. Bc4 Ngf6 17. Bxg5 Nb6 18. Kf2 (18. h4 $11 {keeps the balance.}) 18... d5 $17 19. Bxf6 Bc5+ (19... Bxf6 $17 20. Bxd5 (20. exd5 Rh4 $17) 20... Nxd5 21. exd5 Rh4) 20. Kg2 $11 Qxf6 21. exd5 {[#]} (21. Bxd5 $11 Rd8 22. Rc1 Nxd5 23. exd5) 21... Qh4 ({Better is} 21... Rh4 $1 $17 22. Qd2 Rd8) 22. h3 Rd8 23. Qg4 {The position is equal.} Nxd5 24. Bxd5 Rxd5 25. Rhd1 Bd4 {Precision: White = 41%, Black = 50%.} 1/2-1/2